59 checklists for project management (Record no. 106779)

MARC details
000 -LEADER
fixed length control field 01179cam a22002655a 4500
001 - CONTROL NUMBER
control field L137435
008 - FIXED-LENGTH DATA ELEMENTS--GENERAL INFORMATION
fixed length control field 070405s2007 xxkd f 001 0 eng d
020 ## - INTERNATIONAL STANDARD BOOK NUMBER
International Standard Book Number 0566087758
035 ## - SYSTEM CONTROL NUMBER
System control number (Sirsi) u137435
041 0# - LANGUAGE CODE
Language code of text/sound track or separate title eng
050 04 - LIBRARY OF CONGRESS CALL NUMBER
Classification number 658.2 $2 18
100 1# - MAIN ENTRY--PERSONAL NAME
Personal name Kor, Rudy
245 00 - TITLE STATEMENT
Title 59 checklists for project management
260 ## - PUBLICATION, DISTRIBUTION, ETC.
Place of publication, distribution, etc. Aldershot
Name of publisher, distributor, etc. Gower
Date of publication, distribution, etc. 2007
300 ## - PHYSICAL DESCRIPTION
Extent xiii, 201p.
Dimensions 25cm.
350 ## - PRICE (NR) (BK AM CF MU VM SE) [OBSOLETE]
Price 29.50
505 2# - FORMATTED CONTENTS NOTE
Formatted contents note You have to choose the right approach -- Organising your project -- Organising all involved -- Leading your team -- Helping team members work together -- Managing your project -- Initiating/Starting your project -- Executing your project -- Managing your programme -- Starting and executing your project
520 ## - SUMMARY, ETC.
Summary, etc. Discusses the different types of management approaches and the various situations and difficulties that may arise for project managers. Discusses how to establish ownership, choose methodology, organise key players, determine risk, manage change and develop support.
590 ## - LOCAL NOTE (RLIN)
Local note KA
651 #4 - SUBJECT ADDED ENTRY--GEOGRAPHIC NAME
Geographic name United Kingdom
Chronological subdivision
690 ## - LOCAL SUBJECT ADDED ENTRY--TOPICAL TERM (OCLC, RLIN)
Topical term or geographic name as entry element MANAGEMENT-BUSINESS MANAGEMENT
700 1# - ADDED ENTRY--PERSONAL NAME
Personal name Wijnen, Gert
942 ## - ADDED ENTRY ELEMENTS (KOHA)
Suppress in OPAC 0
Holdings
Withdrawn status Lost status Source of classification or shelving scheme Damaged status Not for loan Home library Current library Shelving location Date acquired Total Checkouts Full call number Barcode Date last seen Date last checked out Copy number Price effective from Koha item type
    Dewey Decimal Classification     London London Books 10/05/2007 6 658.2 KOR 30072321 06/08/2019 24/07/2009 1 06/08/2019 Book